000 00372nam a2200181Ia 4500
100 _aAvadhanulu/M.N
650 _aPhysics
250 _a11
942 _cBK
366 _f22
654 _aengineering physics
245 _aText book of Engineering Physics
260 _bS.Chand & Co.
_c2019
082 _bAVA
300 _a1412
546 _aENGLISH
999 _c31549
_d31549